Normal view
MARC view
Entry Personal Name
001 - CONTROL NUMBER
- control field: 46681
003 - CONTROL NUMBER IDENTIFIER
- control field: dpl
005 - DATE AND TIME OF LATEST TRANSACTION
- control field: 20120508155729.0
008 - FIXED-LENGTH DATA ELEMENTS
- fixed length control field: 120508|||a|||||| | ||| d
040 ## - CATALOGING SOURCE
- Original cataloging agency: dpl
- Transcribing agency: dpl
100 ## - HEADING--PERSONAL NAME
- Personal name: Srivastava, T.N.
670 ## - SOURCE DATA FOUND
- Source citation: Work cat.: (dpl): Srivastava, T.N., An introduction to computers and their applications to banking /, 2000
670 ## - SOURCE DATA FOUND
- Source citation: Work cat.: (dpl): Srivastava, T.N., An introduction to computers and their applications to banking /, 2000
